Most expensive football transfers - 2023-2024 Season - Statistics

General Stats
  • This quiz has been taken 101 times
  • The average score is 9 of 10
Answer Stats
Fee (M €) Nationality Left Joined Player % Correct
75,00 Germany Chelsea Arsenal Kai Havertz
100%
116,60 England West Ham Arsenal Declan Rice
99%
95,00 England Tottenham Bayern Munich Harry Kane
99%
103,00 England Borussia Dortmund Real Madrid Jude Bellingham
99%
90,00 Brazil Paris SG Al-Hilal Neymar
99%
90,00 Croatia RB Leipzig Manchester City Josko Gvardiol
95%
116,00 Ecuador Brighton Chelsea Moisés Caicedo
95%
70,00 Hungary RB Leipzig Liverpool Dominik Szoboszlai
91%
95,00 France E. Frankfurt Paris SG Randal Kolo Muani
85%
73,90 Denmark Atalanta BC Manchester United Rasmus Højlund
84%
No matching quizzes found
Score Distribution
Percent of People with Each Score
Percentile by Number Answered
Your Score History
You have not taken this quiz